|
|
|
|
| LEADER |
00000naa a2200000 ar4500 |
| 001 |
vtls009961481 |
| 003 |
SK-MaSNL |
| 005 |
20260309150324.0 |
| 008 |
091019c2002 xo mr|p|||||||000 b|slo |
| 015 |
|
|
|a SNBRA2009/10
|2 snkbucl
|
| 038 |
|
|
|a SNKBUCL
|
| 040 |
|
|
|a SNKBUCL
|b slo
|c SNKBUCL
|e AACR2
|
| 041 |
0 |
|
|a slo
|b eng
|
| 044 |
|
|
|a xo
|c SK
|
| 080 |
|
|
|a 658.11.011.3:658.11.012.43
|2 2001
|
| 080 |
|
|
|a 658.11.012.43
|2 2001
|
| 080 |
|
|
|a 005.931.2
|2 2001
|
| 100 |
1 |
|
|a Cintula, Karol
|4 aut
|9 40685
|
| 245 |
1 |
0 |
|a Manažment rizík ako súčasť manažmentu firmy
|c Karol Cintula
|
| 300 |
|
|
|b Sch.
|
| 504 |
|
|
|a Bibliogr. odkazy
|
| 546 |
|
|
|a Res. angl.
|
| 650 |
0 |
7 |
|a manažment rizika
|2 snkbucl
|9 4289
|
| 773 |
0 |
|
|t Acta oeconomica N° 13
|d Banská Bystrica : Univerzita Mateja Bela, Ekonomická fakulta, 2002
|g S. 9-12
|z 8080555982
|
| 852 |
|
|
|a SNK
|b KIS3GCP
|
| 958 |
|
|
|a NB
|
| 999 |
|
|
|c 3367291
|d 3369221
|